000 00922nam a2200253Ia 4500
003 OSt
005 20220930194402.0
006 a|||||r|||| 00| 0
007 ta
008 220926b |||||||| |||| 00| 0 eng d
024 _a12716
037 _cDissertations
040 _aCRL
_cCRL
_beng
041 _2eng
_aeng
100 _aSharma Shyam Prakash
_9563209
110 _aUniversity of Delhi. Faculty of Medical Sciences. Department of Orthopaedics
_9519703
245 0 _aEvaluation of various methods of management of the supracondylar fractures of femur with special reference to rigid internal fixation
260 _c1989
650 _aORTHOPEDICS
_9519704
700 _a Dr J P Vaish Supervisor
_9561515
700 _aUniversity of Delhi. Faculty of Medical Sciences. Department of Orthopaedics
_9519706
942 _cDIS
_2CC
999 _c897659
_d897659